MARC

LEADER 00000nas a2200000 a 4500
001 ssj0011996
003 WaSeSS
005 20200512172242.0
006 m d
007 cr n
008 750824d18662012enkqr p s 0 a0eng c
010 |a  07008871  
016 |a (AMICUS)000000167608 
016 7 |a 2066190-3  |2 DE-600 
016 7 |a 100967253  |2 DNLM 
016 7 |a 100967253  |2 DNLM 
022 |l 0010-7565  |y 0010-7565 
032 |a 386490  |b USPS 
035 |a (WaSeSS)ssj0011996 
040 |a MUL  |b eng  |c MUL  |d OCL  |d COO  |d UCU  |d IUL  |d NYG  |d OCL  |d IXA  |d AIP  |d NSD  |d DLC  |d NST  |d HUL  |d NST  |d SYS  |d NLM  |d OCLCQ  |d IUL  |d GUA  |d KNV  |d KRTAS  |d AMAZN  |d OCLCQ  |d CNMBL  |d DLC  |d OCLCQ  |d OCLCO  |d OCLCF  |d DEBBG  |d HLS  |d NLC  |d OCLCQ  |d GILDS  |d OCLCO  |d GZM  |d OCLCQ  |d RDF  |d AU@  |d CUY  |d GDC  |d EUX  |d FUG  |d OCLCQ  |d WaSeSS 
042 |a nsdp  |a pcc 
050 0 0 |a AP4  |b .C7 
082 0 4 |a 052  |b C761 
130 0 |a Contemporary review (London, England) 
210 0 |a Contemp. rev. 
222 0 |a Contemporary review 
245 1 4 |a The contemporary review  |h [electronic resource]. 
260 |a London ;  |a New York :  |b A. Strahan,  |c 1866- 
310 |a Quarterly,  |b 2006- 
321 |a Monthly,  |b 1866-2005 
362 0 |a Vol. 1 (Jan.-Apr. 1866)- 
362 1 |a Ceased with v. 294, no. 1707 (Dec. 2012). 
500 |a Title from title page. 
500 |a Published: London : Contemporary Review <1977-> 
506 |a License restrictions may limit access. 
515 |a 1866-Mar. 1959 also called no. 1-1119; Feb. 1964-1973, no. 1177-1295. 
555 |a Vols. 1 (1866)-41 (1882) (Includes index to Fortnightly review, v. 1 (1865)-37 (1882), and: Nineteenth century, v. 1 (1877)-11 (1882). 
588 |a Latest issue consulted: Vol. 294, no. 1707 (Dec. 2012). 
650 0 |a Social science literature  |v Periodicals. 
650 0 |a Literature  |v Periodicals. 
650 6 |a Périodiques anglais. 
650 7 |a Literature.  |2 fast  |0 (OCoLC)fst00999953 
650 7 |a Social science literature.  |2 fast  |0 (OCoLC)fst01122867 
655 0 |a Electronic journals. 
776 0 8 |i Microfilm version:  |t Contemporary review (London, England : Microfilm)  |x 0010-7565  |w (DLC) 00238849  |w (OCoLC)4621312 
780 0 5 |t International review (London, England : 1918)  |g Jan. 1920  |w (DLC) 16003720  |w (OCoLC)7636446 
780 0 5 |t Fortnightly (London, England : 1934)  |g Jan. 1955  |x 0950-5679  |w (DLC)sn 90022633  |w (OCoLC)3865146 
850 |a CU-I  |a DLC  |a In  |a KMK  |a MH-Lm  |a NcRS  |a NvU  |a TxU-H 
853 2 0 |8 1  |a v.  |b no.  |u 12  |v c  |i (year)  |j (month)  |w m  |x 01 
853 2 0 |8 2  |a v.  |b no.  |u 4  |v c  |i (year)  |j (season)  |w q  |x 21 
856 4 0 |z Full text available from Research Library: 09/01/1997 to 12/31/2012  |u https://search.proquest.com/publication/41301 
863 4 1 |8 1.1  |a <287>  |b <1679>  |i <2005>  |j <12> 
863 4 1 |8 2.1  |a 288  |b 1680  |i 2006  |j 21